Quizzes
Events
Quiz Creation
Community
Videos
Private Events
Remove Ads
Sign In
Join for FREE
Feedback
Dark Mode
Quiz Categories
Sports
Geography
Music
Movies
Television
Just For Fun
Miscellaneous
History
Literature
Language
Science
Gaming
Entertainment
Religion
Holiday
For Kids
Quiz Lab
Recent
Popular Today
Quiz Kudos Today
Editor Picks
Curator Picks
Quizzes by...
Day
Popularity
Type
Ratings
Length
Year
Community
Subscriptions
Recent Discussions
Orange Saloon
Badges
Playlists
Quests
Create
Leaderboards
Showdown
Live 5
Trivia Bingo
Activity
Puzzle Library
Sporcle Events
Private Events
Virtual Trivia
Globe League
Become a Host
Pub Owners
SporcleCon
Opinionation
Our Games
Videos
Blog
Mobile Apps
Partnerships
Remove Ads and Go Orange
Feedback
Television
TV Characters
TV Show
Sitcom
Network
Friends
Reality Shows
Cast
South Park
Star Trek
The Simpsons
Doctor Who
Television
TV Characters
TV Show
Sitcom
Network
Friends
Reality Shows
Cast
South Park
Star Trek
The Simpsons
Doctor Who
Random Quiz
Search Sporcle
×
Quiz Lab
Quiz Lab
Television
Supernatural Characters
Type in answers that appear in a list
Type in answers that appear in a list
Classic
Best Score? Go Orange.
Supernatural Actors to Characters Stats
Can you name the Supernatural actors and characters to match one another?
By
Rumbelle
8m
28 Questions
464 Plays
464 Plays
464 Plays
Comments
Comments
Give Quiz Kudos
Give Quiz Kudos
-
- Ratings
hide this ad
Random Order
Randomize order of answers
Randomize order of answers
Replay
Link that replays current quiz
Next Quiz
Link to next quiz in quiz playlist
You Got
0%
They Got
Avg Score
46%
Avg Friend Score
Upgrade to see
Score Distribution
Jump to the score distribution portion of the page
Score
0/28
Timer
08:00
0
Plays Today
Hint
% Correct
Misha Collins
Castiel
92.5%
Jensen Ackles
Dean Winchester
91.6%
Mark Sheppard
Crowley
87.9%
Mark Pellegrino
Lucifer
83.8%
Jeffrey dean Morgan
John Winchester
83.4%
Sebastian Roche
Balthazar
73.3%
Samuel Winchester
Jared Padalecki
68.1%
Alona Tal
Jo Harvelle
67%
Kim Rhodes
Jody Mills
64.4%
Lauren Cohan
Bela Talbot
59.9%
Ruby (Season 4)
Genevieve Padalecki
57.5%
Mary Winchester
Samantha Smith
54.7%
Ruby (Season 3)
Katie Cassidy
48.3%
Mitch Pileggi
Samuel Campbell
44.2%
Hint
% Correct
Julie McNiven
Anna Milton
43.5%
Ellen Harvelle
Samantha Ferris
43.3%
Robert Wisdom
Uriel
35.6%
Meg Masters (Season 5)
Rachel Miner
34.1%
Meg Masters (Season 1)
Nicki Aycox
32.5%
Steven Williams
Rufus Turner
30.2%
Charles Malik Whitfield
Victor Henricksen
19.4%
Azazel
Fredric Lehne
18.1%
Pamela Barnes
Traci Dinwiddie
14.2%
Becky Rosen
Emily Perkins
13.8%
Tessa
Lindsey McKeon
11.4%
Raphael
Demore Barnes
9.3%
Ava Wilson
Katharine Isabelle
8.4%
Ash
Chad Lindburge
4.1%
Quiz Playlist
Details
Report
Send in Message
Add To Playlist
Classic:
Type in answers that appear in a list
Random Order:
Randomize order of answers
Last Updated: Feb 16, 2017
Quiz Scoreboard
CHALLENGE
Sign Up to Join the Scoreboard
Show All
Scores
Hide
Comments
May contain spoilers
Recently Published
Movies - When Are They Set?
by FPL_Elf
Movies
5m
Popular People in 1961
by mucciniale
History
6m
1-10 Letter E Words III
by El_Dandy
Language
2m
More to Explore
Quiz From the Vault
Featured Blog Post
Where Did the Easter Bunny Come From?
hide this ad
You Might Also Like...
Tags
Supernatural
Supernatural Cast
Supernatural Characters
Today's Top Quizzes in Television
Browse Television
hide this ad
Today's Top Quizzes in Supernatural Characters
Browse Supernatural Characters
Top Contributed Quizzes in Television
1
One Piece Logic Puzzle
2
Survivor Logic Puzzle: Heroes vs. Villains
3
Survivor Seasons
4
Survivor Season by Logo
5
Survivor Trivia
6
One Thing in Common: Television
7
Who Wants to Be a Millionaire?
8
Survivor Logic Puzzle: Winners at War
9
Ultimate Survivor Logic Puzzle
10
Phoebe Buffay Quotes
Explore More
Trending Topics
Crossword
Harry Potter
Kpop
Anime
Marvel
NBA
Disney
Song
The Office
Soccer
WWE
Pokémon
Puzzle
NFL
Country
hide this ad
More By:
Rumbelle
Quiz
Plays
Rating
Category
Featured
Created
Supernatural Actors to Characters
464
3.50
Television
Dec 2, 2013
Go to Creator's Profile
Score Distribution
Quiz Creator Spotlight
Rumbelle
Follow
Send a Message
Quizzes Created
-
Created Quiz Play Count
-
More By This Creator
Popular Quizzes Today
1
Find the Countries of Europe - No Outlines Minefield
2
Find the US States - No Outlines Minefield
3
The Countries of the World
4
Popular People in 1961
5
US States
6
1-10 Letter E Words III
7
Find the US States
8
One Thing in Common: World Cities II
More Television Quizzes
Big Brother: First Season to...
Quiz Lab
Trending Quizzes
Risky Map Clicking: Least Populous States A-Z
1-10 Letter F Words
Humor Books: The Subtitles
1-10 Letter G Words
One Thing in Common: United Kingdom
Recently Updated
Leaping Animals
pecheneg
Reality TV Shows (A-Z)
bhenderson79
Rickey Henderson's Hall of Fame Teammates
pecheneg
Champions League XIs: Arsenal
pecheneg
Quick Pick: Celebrities in WWE's Hall of Fame
aduchscher
A-Z Keypad Blitz II
pecheneg
Multiple Oscar Actors
pecheneg
Mystery Phrase Blitz: Oscar 'Best Actors'
pecheneg
F. Scott Fitzgerald Novels
LTH
Pick 3 Villains
ddd62291
Trending Topics
Disney
Marvel
Anime
Harry Potter
Kpop
NBA
Crossword
Puzzle
The Office
NFL
Song
WWE
Pokémon
Soccer
Country
Your Account Isn't Verified!
In order to create a playlist on Sporcle, you need to verify the email address you used during registration. Go to your
Sporcle Settings
to finish the process.
Report this User
Report this user for behavior that violates our
Community Guidelines
.
Details:
Send Report
Go to the Sporcle.com Mobile Site →
Comments